000 01136nam a2200337 a 4500
001 52481241
003 OCoLC
005 20150408113723.0
008 030623s2003 au a b 100 0 eng
020 _a3211004556
035 _a.b58712732
040 _aNLM
_cNLM
_dCUI
_dOHX
_dIXA
042 _anlmcopyc
049 _aOSUU
060 0 0 _a2003 O-186
060 1 0 _aWG 102
_bA244b 2003
072 7 _aQP
_2lcco
082 _221
111 2 _aAdvanced School on "Biomechanics of Soft Tissue"
_d(2001
_cUdine, Italy)10
_95445
245 _aBiomechanics of soft tissue in cardiovascular systems /
_cedited by Gerhard A. Holzapfel, Ray W. Ogden.
260 _aWien ;
_aNew York
_bSpringer,
_cc2003.
300 _bill. ;
_c25 cm.1
_aCI
440 _aCourses and lectures
_n441
_95446
490 _vno. 441.
_a"C
650 _aBiomechanics
_vCongresses. 0
_95447
650 _aCardiovascular system
_xMechanical properties
_vCongresses. 0
_95448
650 _aVascular smooth muscle
_xMechanical properties
_vCongresses.1
_95449
700 _aHolzapfel, Gerhard A
_95450
700 _dOgden, R. W.,
_aCo
_95451
942 _2ddc
_cBOOK
999 _c859
_d235359